000
00320nam a2200145Ia 4500
008
230312s9999||||xx |||||||||||||| ||und||
020
_a
0-696-01305-3
082
_a
643.3
_b
CHO
245
0
_a
Chocolate
260
_b
Merideth
_a
USA
_c
1999
300
_a
96
546
_a
Eng.
650
_a
Architecture
_v
Cakes
942
_c
BK
999
_c
1235
_d
1235